| 000 | 00434pab a2200145 454500 | ||
|---|---|---|---|
| 008 | 180718b2002 xxu||||| |||| 00| 0 eng d | ||
| 100 | _aFlick, Uwe | ||
| 245 | _aSocial representations of health held by health professionals: the case of general practitioners and borne-care nurses | ||
| 260 | _c2002 | ||
| 300 | _ap.581-602. | ||
| 362 | _aDec | ||
| 650 | _aHealth services | ||
| 773 | _aSocial Science Information | ||
| 909 | _a55259 | ||
| 999 |
_c55259 _d55259 |
||